000
00292nam a22001337a 4500
008
170816b xxu||||| |||| 00| 0 eng d
020
_a
9781570399152
041
_a
eng
080
_2
2 ED
_a
51
100
_a
36
101
_a
MAT
245
_a
EVERYDAY MATHEMATICS
_c
SEA.M
942
_2
udc
_c
BK
999
_c
23688
_d
23688